=LDR 00000nam 2200000 4500 =001 INLIS000000000003358 =005 20130612091652 =008 ***********************************Ind** =035 ##$$0010-061300000003358 =041 ##$$a Ind =082 ##$$a 028.5 =090 ##$$a 028.5, Haa p =100 ##$$a Haas, Dorothy =245 ##$$a Peanut butter dan jelly 1 : kekacauan di sekolah alcott / Dorothy Haas; alih bahasa Nina Fauzia NS. -- =260 ##$$a 1993 $b Jakarta : Binarupa Aksara =300 ##$$a 65 hlm. : ilus. ; 21 cm =650 ##$$a Bacaan kanak-kanak =700 ##$$a Fauzia NS, Nina =850 ##$$a NBPNMAT